Statistiques concernant Trouvez le pays secret

Cliquez ici pour prendre le quiz!

Statistiques générales

  • Ce quiz a été pris 170 fois
  • Le résultat moyen est 90 sur 128

Statistiques - réponses

QuestionTuileSelect% Correct
Trouvez l'intrusBrésilNon
92%
Trouvez l'intrusMexiqueNon
91%
Trouvez l'intrusNigeriaNon
90%
Trouvez l'intrusOmanNon
89%
Trouvez l'intrusArabie saouditeNon
88%
Trouvez l'intrusBelizeNon
88%
Trouvez l'intrusItalieNon
88%
Trouvez l'intrusJamaïqueNon
88%
Trouvez l'intrusMadagascarNon
88%
Trouvez l'intrusPakistanNon
88%
Trouvez l'intrusAfrique du SudNon
87%
Trouvez l'intrusGuyanaNon
87%
Trouvez l'intrusHongrieNon
87%
Trouvez l'intrusIrlandeNon
86%
Trouvez l'intrusDominiqueNon
84%
Trouvez l'intrusTurquieNon
80%
Trouvez l'intrusRussieNon
79%
Trouvez l'intrusEtats-UnisNon
78%
Trouvez l'intrusFranceNon
78%
Trouvez l'intrusItalieNon
78%
Trouvez l'intrusTunisieNon
78%
Trouvez l'intrusGrèceNon
77%
Trouvez l'intrusAustralieNon
76%
Trouvez l'intrusBrésilNon
76%
Trouvez l'intrusIndeNon
76%
Trouvez l'intrusSomalieNon
76%
Trouvez l'intrusMaliNon
75%
Trouvez l'intrusChypreNon
74%
Trouvez l'intrusItalieNon
74%
Trouvez l'intrusJaponNon
74%
Trouvez l'intrusRoumanieNon
74%
Trouvez l'intrusAfrique du SudNon
73%
Trouvez l'intrusAllemagneNon
73%
Trouvez l'intrusBelgiqueNon
73%
Trouvez l'intrusBulgarieNon
73%
Trouvez l'intrusCamerounNon
73%
Trouvez l'intrusCôte d'IvoireNon
73%
Trouvez l'intrusEstonieNon
73%
Trouvez l'intrusFranceNon
73%
Trouvez l'intrusGéorgieNon
73%
Trouvez l'intrusGhanaNon
73%
Trouvez l'intrusGuinéeNon
73%
Trouvez l'intrusHongrieNon
73%
Trouvez l'intrusIndonésieNon
73%
Trouvez l'intrusIrlandeNon
73%
Trouvez l'intrusJaponNon
73%
Trouvez l'intrusMadagascarNon
73%
Trouvez l'intrusMoldavieNon
73%
Grâce aux 7 pays sélectionnés, trouvez le pays secretSénégalNon
73%
Trouvez l'intrusSénégalNon
73%
Trouvez l'intrusSingapourNon
73%
Grâce aux 7 pays sélectionnés, trouvez le pays secretSlovénieNon
73%
Trouvez l'intrusBahreïnNon
72%
Trouvez l'intrusDanemarkNon
72%
Trouvez l'intrusIrlandeNon
72%
Trouvez l'intrusItalieNon
72%
Trouvez l'intrusLettonieNon
72%
Trouvez l'intrusMauritanieNon
72%
Trouvez l'intrusMicronésieNon
72%
Trouvez l'intrusNigeriaNon
72%
Trouvez l'intrusPays-BasNon
72%
Trouvez l'intrusPologneNon
72%
Trouvez l'intrusRussieNon
72%
Trouvez l'intrusAlbanieNon
71%
Trouvez l'intrusAndorreNon
71%
Grâce aux 7 pays sélectionnés, trouvez le pays secretArgentineNon
71%
Grâce aux 7 pays sélectionnés, trouvez le pays secretAustralieNon
71%
Trouvez l'intrusAutricheNon
71%
Trouvez l'intrusCamerounNon
71%
Trouvez l'intrusCanadaNon
71%
Trouvez l'intrusCubaNon
71%
Trouvez l'intrusEtats-UnisNon
71%
Trouvez l'intrusFranceNon
71%
Trouvez l'intrusFranceNon
71%
Grâce aux 7 pays sélectionnés, trouvez le pays secretIndeNon
71%
Trouvez l'intrusIslandeNon
71%
Trouvez l'intrusItalieNon
71%
Grâce aux 7 pays sélectionnés, trouvez le pays secretJaponNon
71%
Trouvez l'intrusKenyaNon
71%
Trouvez l'intrusLettonieNon
71%
Trouvez l'intrusMaliNon
71%
Trouvez l'intrusMonacoNon
71%
Grâce aux 7 pays sélectionnés, trouvez le pays secretOugandaNon
71%
Grâce aux 7 pays sélectionnés, trouvez le pays secretPakistanNon
71%
Trouvez l'intrusPays-BasNon
71%
Trouvez l'intrusQatarNon
71%
Trouvez l'intrusSyrieNon
71%
Trouvez l'intrusTadjikistanNon
71%
Trouvez l'intrusTchadNon
71%
Trouvez l'intrusThaïlandeNon
71%
Grâce aux 7 pays sélectionnés, trouvez le pays secretBrésilNon
70%
Trouvez l'intrusCambodgeNon
70%
Trouvez l'intrusLuxembourgNon
70%
Trouvez l'intrusNouvelle-ZélandeNon
70%
Trouvez l'intrusPanamaNon
70%
Grâce aux 7 pays sélectionnés, trouvez le pays secretPologneNon
70%
Trouvez l'intrusRussieNon
70%
Trouvez l'intrusSlovaquieNon
70%
Trouvez l'intrusSuisseNon
70%
Grâce aux 7 pays sélectionnés, trouvez le pays secretTanzanieNon
70%
Trouvez l'intrusTunisieNon
70%
Trouvez l'intrusVanuatuNon
70%
Trouvez l'intrusCanadaNon
69%
Trouvez l'intrusChiliNon
69%
Grâce aux 7 pays sélectionnés, trouvez le pays secretChineNon
69%
Trouvez l'intrusJaponNon
69%
Trouvez l'intrusLibériaNon
69%
Trouvez l'intrusNigeriaNon
69%
Trouvez l'intrusTongaNon
69%
Trouvez l'intrusUkraineNon
69%
Grâce aux 7 pays sélectionnés, trouvez le pays secretViêt NamNon
69%
Trouvez l'intrusIndonésieNon
68%
Grâce aux 7 pays sélectionnés, trouvez le pays secretFranceNon
67%
Trouvez l'intrusJamaïqueNon
67%
Grâce aux 7 pays sélectionnés, trouvez le pays secretKazakhstanNon
67%
Trouvez l'intrusMexiqueNon
67%
Trouvez l'intrusNépalNon
67%
Trouvez l'intrusSierra LeoneNon
67%
Trouvez l'intrusSaint-Christophe-et-NiévèsNon
66%
Trouvez l'intrusSamoaNon
66%
Trouvez l'intrusSlovaquieOui
41%
Trouvez l'intrusRoumanieOui
24%
Trouvez l'intrusUkraineOui
23%
Trouvez l'intrusAutricheOui
16%
Trouvez l'intrusSlovénieOui
9%
Grâce aux 7 pays sélectionnés, trouvez le pays secretHongrieOui
8%
Trouvez l'intrusCroatieOui
7%
Trouvez l'intrusSerbieOui
7%

Distribution des résultats

Percentile par nombre de réponses

% des personnes avec chaque résultat

Votre développement - résultats

Vous n’avez pas pris ce quiz